MDQL
is popping MORE tags! Check the
thread
!
Quizzes
Events
Quiz Creation
Community
Videos
Private Events
Remove Ads
Sign In
Join for FREE
Feedback
Dark Mode
Quiz Categories
Sports
Geography
Music
Movies
Television
Just For Fun
Miscellaneous
History
Literature
Language
Science
Gaming
Entertainment
Religion
Holiday
For Kids
Quiz Lab
Recent
Popular Today
Quiz Kudos Today
Editor Picks
Curator Picks
Quizzes by...
Day
Popularity
Type
Ratings
Length
Year
Community
Subscriptions
Recent Discussions
Orange Saloon
Badges
Playlists
Quests
Create
Leaderboards
Showdown
Live 5
Trivia Bingo
Activity
Puzzle Library
Sporcle Events
Private Events
Virtual Trivia
Globe League
Become a Host
Pub Owners
SporcleCon
Opinionation
Our Games
Videos
Blog
Mobile Apps
Partnerships
Remove Ads and Go Orange
Feedback
Geography
Country
Landmarks
City
State
Population
World
Capital
Continent
Flags
Europe
Africa
Asia
South America
North America
Oceania
Border
Canada
United Kingdom
Topography
United States
Geography
Country
Landmarks
City
State
Population
World
Capital
Continent
Flags
Europe
Africa
Asia
South America
North America
Oceania
Border
Canada
United Kingdom
Topography
United States
Random Quiz
Search Sporcle
×
Quiz Lab
Quiz Lab
Geography
World
Type in answers that appear in a list
Type in answers that appear in a list
Classic
Best Score? Go Orange.
Largest World City by Longitude Stats
Can you name the largest city for every 5 degrees of longitude??
By
Maphead
10m
71 Questions
225 Plays
225 Plays
225 Plays
Comments
Comments
Give Quiz Kudos
Give Quiz Kudos
-
- Ratings
hide this ad
More Info
Replay
Link that replays current quiz
Next Quiz
Link to next quiz in quiz playlist
You Got
0%
They Got
Avg Score
57%
Avg Friend Score
Upgrade to see
Score Distribution
Jump to the score distribution portion of the page
Score
0/71
Timer
10:00
0
Plays Today
Longitude Range
City
% Correct
5°W-
0°
London, UK
92.4%
135-
140°E
Tokyo, Japan
92.4%
70-
75°W
New York, USA
92%
45-
50°W
São Paulo, Brazil
90.2%
115-
120°W
Los Angeles, USA
88.9%
35-
40°E
Moscow, Russia
88.9%
150-
155°E
Sydney, Australia
88.9%
30-
35°E
Cairo, Egypt
87.6%
115-
120°E
Beijing, China
87.6%
70-
75°E
Mumbai, India
87.1%
95-
100°W
Mexico City, Mexico
86.7%
125-
130°E
Seoul, South Korea
86.7%
0°-
5°E
Lagos, Nigeria
86.2%
105-
110°E
Jakarta, Indonesia
84.4%
50-
55°E
Tehran, Iran
84%
75-
80°W
Lima, Peru
83.6%
85-
90°W
Chicago, USA
82.7%
75-
80°E
Delhi, India
81.8%
65-
70°E
Karachi, Pakistan
81.3%
100-
105°E
Bangkok, Thailand
80.9%
85-
90°E
Kolkata, India
79.6%
90-
95°E
Dhaka, Bangladesh
79.6%
170-
175°E
Auckland, New Zealand
79.1%
55-
60°W
Buenos Aires, Argentina
79.1%
120-
125°E
Shanghai, China
79.1%
40-
45°W
Rio de Janeiro, Brazil
78.7%
25-
30°E
Istanbul, Turkey
78.7%
140-
145°E
Melbourne, Australia
76.4%
155-
160°W
Honolulu, USA
73.8%
145-
150°W
Anchorage, USA
72.9%
15-
20°W
Dakar, Senegal
71.1%
40-
45°E
Baghdad, Iraq
71.1%
110-
115°W
Phoenix, USA
69.3%
45-
50°E
Riyadh, Saudi Arabia
68.4%
80-
85°E
Chennai, India
64%
15-
20°E
Cape Town, South Africa
59.6%
Longitude Range
City
% Correct
95-
100°E
Yangon, Myanmar
59.1%
80-
85°W
Havana, Cuba
58.7%
30-
35°W
Recife, Brazil
57.3%
20-
25°E
Athens, Greece
56.4%
170-
175°W
Apia, Samoa
54.7%
5-
10°W
Casablanca, Morocco
52.4%
10-
15°E
Luanda, Angola
52%
110-
115°E
Guangzhou, China
52%
100-
105°W
Guadalajara, Mexico
50.7%
130-
135°W
Juneau, USA
48.9%
145-
150°E
Canberra, Australia
45.8%
120-
125°W
San Jose, USA
44.9%
60-
65°W
Manaus, Brazil
44.9%
35-
40°W
Fortaleza, Brazil
43.1%
20-
25°W
Praia, Cape Verde
42.2%
65-
70°W
Santo Domingo, Dominican Republic
38.2%
50-
55°W
Porto Alegre, Brazil
38.2%
175-
180°W
Nuku'alofa, Tonga
33.8%
10-
15°W
Conakry, Guinea
32.9%
165-
170°W
Nome, USA
32.4%
5-
10°E
Douala, Cameroon
28%
90-
95°W
Guatemala City, Guatemala
24.4%
55-
60°E
Mashhad, Iran
23.1%
135-
140°W
Whitehorse, Canada
20.9%
60-
65°E
Yekaterinburg, Russia
19.6%
165-
170°E
Nouméa, New Caledonia
18.7%
130-
135°E
Fukuoka, Japan
18.2%
160-
165°W
Bethel, USA
11.6%
105-
110°W
Chihuahua, Mexico
9.8%
155-
160°E
Petropavlovsk-Kamchatsky, Russia
9.8%
175-
180°E
Hamilton, New Zealand
9.3%
25-
30°W
Ponta Delgada, Azores (Port.)
8.9%
150-
155°W
Vaitape (Bora Bora), French Polynesia (France)
6.2%
125-
130°W
Campbell River, Canada
5.8%
160-
165°E
Kosrae, Federated States of Micronesia
1.3%
Quiz Playlist
Details
Report
Send in Message
Add To Playlist
More Info:
There was no community of more than 1,000 people between 145 and 150°W.
Classic:
Type in answers that appear in a list
Last Updated: Feb 16, 2017
Quiz Scoreboard
CHALLENGE
Sign Up to Join the Scoreboard
Show All
Scores
Hide
Comments
May contain spoilers
Recently Published
Two Season TV Shows II
by 123Four
Television
10m
Image Sorting: Flags VI
by Barbecue
Geography
2m
Find the 'City' Movie
by crazypaving
Movies
60s
More to Explore
Quiz From the Vault
Featured Blog Post
14 Easter Pick-up Lines to Find Eggs With
hide this ad
You Might Also Like...
Tags
City Quiz
World Quiz
degree
largest
longitude
range
Today's Top Quizzes in Geography
Browse Geography
hide this ad
Today's Top Quizzes in World
Browse World
Top Contributed Quizzes in Geography
1
Colored Red Europe Blitz I
2
Countries of the World - No Outlines Minefield
3
Colored Red Africa Blitz II
4
Colored Red Europe Blitz II
5
Colored Red Europe Blitz III
6
Colored Red Africa Blitz III
7
Colored Red States Blitz I
8
Colored Red States Blitz II
9
A Different View: World Oceans
10
Colored Red States Blitz III
Explore More
Trending Topics
NBA
Harry Potter
Anime
Marvel
Crossword
Kpop
Disney
The Office
Soccer
WWE
Country
Puzzle
Song
Pokémon
NFL
hide this ad
More By:
Maphead
Quiz
Plays
Rating
Category
Featured
Created
Official Languages of Asia
63,024
4.58
Geography
Jan 2, 2012
Every Rushing TD in 2015 NFL Season
34,457
4.47
Sports
Jan 13, 2016
Official Languages of Africa
8,771
4.80
Language
Jan 1, 2012
Official Languages of Oceania
5,234
3.94
Geography
Jan 4, 2012
Grand Slam Quarterfinal Appearances in the 2010s (M)
4,922
4.76
Sports
Sep 10, 2012
Go to Creator's Profile
Score Distribution
Quiz Creator Spotlight
Maphead
Follow
Send a Message
Quizzes Created
-
Created Quiz Play Count
-
More By This Creator
Popular Quizzes Today
1
Find the US States - No Outlines Minefield
2
Colored Red Africa Blitz
3
Find the 'City' Movie
4
5x2 Blitz: Bands
5
The Countries of the World
6
Find the Countries of Europe - No Outlines Minefield
7
Find the US States
8
US States
More Geography Quizzes
State Quiz: Colorado
Published
Trending Quizzes
Colored Red Europe Blitz I
Colored Red Africa Blitz II
Colored Red Europe Blitz II
Colored Red Africa Blitz III
Even More Two Season TV Shows
Recently Updated
March Madness Men's Triple Doubles
pecheneg
How Do You Spell That?
pecheneg
Godzilla Movies
pecheneg
Grab Bag: 4-10 Letters
pecheneg
2024 March Madness Bracket
pecheneg
Famous TV Couples
Peacemaker
Champions League XIs: Real Madrid
pecheneg
Largest US Cities 1790-2010
pecheneg
Rides in Walt Disney World
pecheneg
Most Oscar Losses (Acting)
pecheneg
Trending Topics
Disney
Harry Potter
Crossword
Marvel
NBA
Anime
Kpop
Country
Soccer
WWE
NFL
Puzzle
Pokémon
The Office
Song
Your Account Isn't Verified!
In order to create a playlist on Sporcle, you need to verify the email address you used during registration. Go to your
Sporcle Settings
to finish the process.
Report this User
Report this user for behavior that violates our
Community Guidelines
.
Details:
Send Report
Go to the Sporcle.com Mobile Site →
Comments